000
00232nam a22000857a 4500
008
160624b xxu||||| |||| 00| 0 eng d
100
_9
1090
_a
Delgaudio, R.A
245
_a
Perit in Panama
260
_a
Washington
_b
National Security Center
_c
1998
999
_c
876
_d
876